Score 0/75 Timer 06:00
0 Plays Today
Country % Correct
Algeria
93.1%
Australia
93.1%
Austria
93.1%
Albania
92.2%
Argentina
92.2%
Venezuela
92.2%
Kenya
91.2%
Latvia
91.2%
Canada
90.2%
Lithuania
90.2%
Russia
90.2%
Guinea
89.2%
Indonesia
89.2%
Armenia
88.2%
Romania
88.2%
China
87.3%
Zambia
87.3%
Andorra
86.3%
Dominica
86.3%
Estonia
86.3%
India
86.3%
Bolivia
85.3%
Bulgaria
85.3%
Cuba
85.3%
Jamaica
85.3%
Malta
85.3%
Cambodia
84.3%
Croatia
84.3%
Slovakia
84.3%
Slovenia
84.3%
Angola
83.3%
Antigua and Barbuda
83.3%
Colombia
83.3%
South Africa
83.3%
United States of America
83%
North Korea
82.4%
South Korea
82.4%
Tanzania
82.4%
Country % Correct
Uganda
82.4%
Ghana
81.4%
Guatemala
81.4%
Libya
81.4%
Serbia
81.4%
Syria
81.4%
Malaysia
80.4%
Rwanda
80.4%
Eritrea
79.4%
Liberia
79.4%
Macedonia
79.4%
Nicaragua
79.4%
Panama
79.4%
Ethiopia
78.4%
The Gambia
78.4%
Guyana
78.4%
Nigeria
78.4%
Saudi Arabia
78.4%
Costa Rica
77.5%
Equatorial Guinea
77.5%
Mauritania
77.5%
Moldova
76.5%
Namibia
76.5%
Grenada
75.5%
Botswana
74.5%
Mongolia
74.5%
Bosnia and Herzegovina
73.5%
Somalia
72.5%
Tunisia
72.5%
Georgia
70.6%
Papua New Guinea
70.6%
Samoa
70.6%
Sri Lanka
67.6%
Tonga
66.7%
Saint Lucia
63.7%
Czechia
62.7%
Micronesia
58.8%
Remove Ads.
Support Sporcle.
Get the best of Sporcle when you Go Orange. This ad-free experience offers more features, more stats, and more fun while also helping to support Sporcle. Thank you for becoming a member.

You're not logged in!

Compare scores with friends on all Sporcle quizzes.
OR
Log In

Show Comments

Extras

Created Aug 4, 2016ReportNominate
Tags:Country Quiz, Letter Quiz

Top Quizzes Today


Score Distribution

Your Account Isn't Verified!

In order to create a playlist on Sporcle, you need to verify the email address you used during registration. Go to your Sporcle Settings to finish the process.

Report this User

Report this user for behavior that violates our Community Guidelines.

Details: